| 000 | 00661nam a2200157 4500 | ||
|---|---|---|---|
| 001 | 140568 | ||
| 003 | ES-MaACL | ||
| 005 | 20230906200115.0 | ||
| 007 | t| | ||
| 008 | 070214s1954 sp r ||||1| spa d | ||
| 100 | 1 |
_aSeijo y de Zarrandicoechea, Gabino de. _9105266 |
|
| 245 | 1 | 4 |
_aLos tres enigmas de exégesis evangélica _b: entre las dos tardes : la celebración de la Pascua y la institución de la Eucaristía / _cSabino de Seijo y de Zarrandicoechea. |
| 260 |
_aBilbao : _b[s. n.], _c1954 ( _fEscuelas Gráficas de la Santa Casa de Misericordia) |
||
| 300 |
_a132 p., 1 lám. : _bil. ; _c17 cm + _e5 gráf. pleg. |
||
| 852 |
_aES-MaACL _jC-10108 _bR.37179 |
||
| 999 |
_c140568 _d140568 |
||